| 000 | 01204nam a2200289 4500 | ||
|---|---|---|---|
| 001 | 0000013183 | ||
| 003 | CO-CtgCURN | ||
| 005 | 20260318194939.0 | ||
| 007 | ta | ||
| 008 | 160627s1984 000 0 eng d | ||
| 040 |
_aCO-CtgCURN _bspa _ccoctgcurn |
||
| 082 | 0 |
_a301 _bG65a |
|
| 245 | 0 | 0 |
_aAntropología : _bperspectiva latinoamericana / _cLuis José González ... [et al.]. |
| 260 |
_aBogotá : _bUniversidad Santo Tomas, _c1984. |
||
| 300 | _a250 p. | ||
| 336 | _2rdacontent | ||
| 337 |
_2rdamedia _asin mediacion _bn |
||
| 338 |
_2rdacarrier _avolumen _bnc |
||
| 500 | _aIncluye indice. | ||
| 505 | 8 | _aCultura.--Matrimonio.--Encuesta.--Primates.--Bandas tribus.--Religion.--sociolinguistica.--Antropología medica.--Familia.--Raza social.--El campo de la antropología.--Metodos de campo.--Entidad y relaciones etnicas.--La construcción cultural de la raza.--Raices biologicas del comportamiento humano y de la cultura y adactacion | |
| 590 | _aEtnografía médica (Odontología) | ||
| 650 | 1 | 4 | _aAntropología filosofica. |
| 700 | 1 | _aGonzález, José Luis. | |
| 908 | _a160627 | ||
| 942 |
_cBK _h301 _iG65a _2ddc |
||
| 999 |
_c1974 _d1974 |
||